Poems of virgil (Record no. 36140)

MARC details
000 -LEADER
fixed length control field 00258nam a2200109Ia 4500
082 ## - DEWEY DECIMAL CLASSIFICATION NUMBER
Classification number 820 VIRG
Item number VIR
100 ## - MAIN ENTRY--AUTHOR NAME
Personal name Virgil
245 #0 - TITLE STATEMENT
Title Poems of virgil
260 ## - PUBLICATION, DISTRIBUTION, ETC. (IMPRINT)
Place of publication Chicago
Name of publisher William Benton
Year of publication 1952
942 ## - ADDED ENTRY ELEMENTS (KOHA)
Koha item type Books
Holdings
Withdrawn status Lost status Damaged status Not for loan Home library Current library Date acquired Cost, normal purchase price Full call number Accession Number Koha item type
        RRII Library RRII Library 16/12/2021 5000.00 820 VIRG VIR 16553 Books